| 000 | 00453nam a2200169 a 4500 | ||
|---|---|---|---|
| 020 | _a2710110636 | ||
| 040 | _cDLC | ||
| 082 | 0 | 0 | _a305 ESF 1994 A013 Or. |
| 245 | 0 | 0 |
_aPréadolescence : _bthéorie, recherche et clinique / |
| 260 |
_aParis : _bESF, _cc1994. |
||
| 300 |
_a261 p. : _bill. ; _c24 cm. |
||
| 490 | 1 | _aCollection La Vie de l'enfant | |
| 650 | 0 | _aChild development. | |
| 650 | 0 | _aAdolescence. | |
| 700 | 1 | _aBolognini, Monique. | |
| 942 | _cEK | ||
| 999 |
_c13142 _d13142 |
||